| 000 | 02058nam0a2200469 4500 | ||
|---|---|---|---|
| 001 | RU\NLR\bibl\1878043 | ||
| 005 | 20260406004947.0 | ||
| 010 |
_a978-5-94706-103-1 _9500 |
||
| 021 |
_aRU _b2012-11047 _9831 |
||
| 035 | _a(nilc)RSL-KNO-005397797 | ||
| 035 | _a(NLR Aleph) 001867834 | ||
| 090 |
_a2620001 _c2620001 |
||
| 100 | _a20120227d2011 |||y0rusy50 ca | ||
| 101 | 0 | _arus | |
| 102 | _aRU | ||
| 105 | _aa ||||||||| | ||
| 200 | 1 |
_aПредельная деформация транспортных систем и оценка их эксплуатационного ресурса _fИ. А. Воробьев, А.Ф. Лесун, П.С. Иванов, Е.Г. Благин |
|
| 210 |
_aНижний Новгород _cКниги _d2011 |
||
| 215 |
_a334, [1] с. _cил., табл. _d22 |
||
| 320 | _aБиблиогр.: с. 327-331 (97 назв.) | ||
| 606 | 1 |
_aМеталлы _xПрочность _91586969 _3RU\NLR\auth\66697069 |
|
| 606 | 1 |
_aРельсы _xДеформация _91515304 _3RU\NLR\auth\66960113 |
|
| 606 | 1 |
_aМеталлы _xУсталость _91516864 _3RU\NLR\auth\66658985 |
|
| 606 | 1 |
_aСталь _xВыносливость _91701618 _3RU\NLR\auth\661055496 |
|
| 686 |
_aК206.223,07 _2rubbk |
||
| 686 |
_aО211-045.01-028.4,07 _2rubbk |
||
| 686 | _aК206.22 | ||
| 686 | _aК222.062.23 | ||
| 686 | _aО211-082.510.3 | ||
| 701 | 1 |
_4070 _8rus _7ca _aВоробьев _bИ. А. _cд-р техн. наук _gИгорь Андреевич _3RU\NLR\auth\77114455 _997380 |
|
| 701 | 1 |
_aЛесун _bА. Ф. _gАнатолий Федорович _4070 |
|
| 701 | 1 |
_4070 _8rus _7ca _aИванов _bП. С. _cд-р техн. наук, ж.-д. транспорт _gПетр Степанович _3RU\NLR\AUTH\77114458 _997383 |
|
| 701 | 1 |
_aБлагин _bЕ. Г. _gЕвгений Геннадьевич _4070 |
|
| 801 | 0 |
_aRU _bRuMoRKP _c20120227 _grcr |
|
| 801 | 1 |
_aRU _bРГБ _c20120227 |
|
| 801 | 2 |
_aRU _bNLR _c20120311 _grcr |
|
| 830 | _aавт7 по кн. | ||
| 942 | _cBOOK | ||
| 980 | _aNB | ||
| 980 | _aNBR | ||